Sistema web para gestión de asistencias del comedor de los trabajadores en el recinto universitario Rubén Darío de la Universidad Nacional Autónoma de Nicaragua UNAN-MANAGUA
Presenta un sistema de asistencia y servicios del comedor de los trabajadores en el recinto universitario Rubén Darío de la UNAN-MANAGUA que apoye al personal de recursos humanos en el manejo de las asistencias de los trabajadores.
| Main Authors: | , |
|---|---|
| Other Authors: | |
| Format: | Tesis Section = Libro |
| Language: | Undetermined Spanish |
| Published: |
Managua
UNI
2018
|
| Subjects: |
| LEADER | 01200nam a2200277Ia 4500 | ||
|---|---|---|---|
| 008 | 240830s9999 xx 000 0 und d | ||
| 040 | |a BIBLIOTECA-RUSB/ Mon 005.362 V714 | ||
| 041 | |a spa | ||
| 082 | |a Mon 005.362 V714 | ||
| 100 | 1 | |a Villalobos, Eduardo Ramón | |
| 100 | 1 | |b Jarquín Cerda, Josué Misael | |
| 245 | 1 | 0 | |a Sistema web para gestión de asistencias del comedor de los trabajadores en el recinto universitario Rubén Darío de la Universidad Nacional Autónoma de Nicaragua UNAN-MANAGUA |
| 260 | |a Managua |b UNI |c 2018 | ||
| 300 | |a 111 p. :il. | ||
| 500 | |a Contiene: anexos, glosario y CD. | ||
| 502 | |a Tesis (Ingeniero en Computación) - UNI, 2018. | ||
| 520 | 3 | |a Presenta un sistema de asistencia y servicios del comedor de los trabajadores en el recinto universitario Rubén Darío de la UNAN-MANAGUA que apoye al personal de recursos humanos en el manejo de las asistencias de los trabajadores. | |
| 650 | 7 | |a SISTEMA WEB | |
| 650 | 7 | |b SISTEMA DE CONTROL | |
| 650 | 7 | |c GESTION DE ASISTENCIA | |
| 650 | 7 | |d LENGUAJE DE PROGRAMACION | |
| 650 | 7 | |e BASES DE DATOS | |
| 700 | 1 | |a Tutor: |b Chávez Mairena, Luis Eduardo | |
| 942 | |c BK |2 ddc | ||
| 991 | |a TESIS | ||
| 999 | |c 19730 | ||